• 首页
  • 本馆介绍
  • 公告通知
  • 最新文献
  • 馆藏检索
  • 电子资源
  • 读者导购
  • 参考咨询
  • 我的图书馆
  • 登录
  • 详细信息显示
  • 放入我的书架
  • 预约/预借图书
  • 作者相关作品
  • 分类相关作品
  • 丛书相关作品
  • 出版社相关作品

书目信息

  • 表格格式
  • 工作单格式
  • 卡片格式
题名:
中国古典文学研究
    
 
作者: 郭英德 , 谢思炜 , 尚学锋 , 于翠玲 著
分册:  
出版信息: 北京   中华书局  1995
页数: 683页
开本: 20cm
丛书名:
单 册:
中图分类: I209.2
科图分类:
主题词: 古典文学--文学研究--文学史--中国
电子资源:
ISBN: 7-101-01381-3
000 00707nam0 2200229 45
001 0406011511
005 20040209011303.4
010    @a7-101-01381-3@dCNY43.00
100    @a20040601d1995 km y0chiy0120 ea
101 0  @achi
105    @a z 000yy
200 1  @a中国古典文学研究@AZhong Guo Gu Dian Wen Xue Yan Jiu@f郭英德,谢思炜,尚学锋,于翠玲著@FGuo Ying De,Xie Si Wei,Shang Xue Feng,Yu Cui Ling Zhu
210    @a北京@c中华书局@d1995
215    @a683页@d20cm
606 0  @a古典文学@x文学研究@x文学史@y中国
690    @aI209.2@v4
701  0 @a郭英德@4著
701  0 @a谢思炜@4著
701  0 @a尚学锋@4著
701  0 @a于翠玲@4著
801    @aCN@bTSTC@c20040601
905    @b334189-193@dI209.2@e166@f5
    
    中国古典文学研究/郭英德,谢思炜,尚学锋,于翠玲著.-北京:中华书局,1995
    683页;20cm
    
    
    ISBN 7-101-01381-3:CNY43.00
    
●
相关链接 在E读中查询图书 在五车中查询图书 在当当中查询图书 在豆瓣中查询图书


正题名:中国古典文学研究     索取号:I209.2/166         预约/预借

序号 登录号 条形码 馆藏地/架位号 状态 备注
1 0334189   203341892   第二借阅区/ [索取号:I209.2/166] 在馆    
2 0334190   203341909   第二借阅区/ [索取号:I209.2/166] 在馆    
3 0334191   203341918   第二借阅区/ [索取号:I209.2/166] 在馆    
4 0334192   203341927   第二借阅区/ [索取号:I209.2/166] 在馆    
5 0334193   203341936   第一样本阅览室/ [索取号:I209.2/166] 在馆    
唐山师范学院图书馆 欢迎您!
大连网信软件有限公司© 版权所有